00422 2200157 4500001002100000008004100021035002000062245006100082100002300143250000600166260004400172084001400216082000800230650001400238990001200252INLIS000000000001183 ind  a0010-0524000418 aPsikologi Perkembangan Peserta DidikcDra. Desmita, M.Si aDra. Desmita, M.Si a1 aBandung :bPT. Remaja Rosda Karyac2009 a100 DES p a100 aNon Fiksi a0713594